Rubber and plastics-Polymer dispersions and rubber 11lattices- Determination of pH. (Third Edition). (Record no. 74202)
[ view plain ]
| 000 -LEADER | |
|---|---|
| fixed length control field | 00436nam a2200145Ia 4500 |
| 245 #0 - TITLE STATEMENT | |
| Title | Rubber and plastics-Polymer dispersions and rubber 11lattices- Determination of pH. (Third Edition). |
| 260 ## - PUBLICATION, DISTRIBUTION, ETC. (IMPRINT) | |
| Year of publication | 1996 |
| 500 ## - GENERAL NOTE | |
| General note | Standard number: ISO 976 |
| 650 ## - SUBJECT ADDED ENTRY--TOPICAL TERM | |
| Topical Term | pH determination |
| 650 ## - SUBJECT ADDED ENTRY--TOPICAL TERM | |
| Topical Term | Plastics |
| 650 ## - SUBJECT ADDED ENTRY--TOPICAL TERM | |
| Topical Term | Polymer dispersions |
| 650 ## - SUBJECT ADDED ENTRY--TOPICAL TERM | |
| Topical Term | Rubber 1lattice |
| 942 ## - ADDED ENTRY ELEMENTS (KOHA) | |
| Koha item type | Standards |
| Withdrawn status | Lost status | Damaged status | Not for loan | Collection code | Home library | Current library | Date acquired | Koha item type |
|---|---|---|---|---|---|---|---|---|
| Standards | ISO standards | RRII Library | RRII Library | 31/12/2021 | Standards |